02537cam a2200397 a 4500001001000000003000900010005001700019008004100036020001500077040002500092082002000117245022100137260008500358300002600443490002300469500007300492520065400565650005601219650005301275650003801328651004201366700003701408700003001445700004301475700003601518700003701554700004301591710004701634710006101681710006801742740005501810942001401865952012401879952011902003999001702122000013561DO-SdBNP20250421111014.0941019s1993 ck b 000 0 spa d a9586015211 aDO-SdBNPbspacBNPHU a338.18861bC73700aCompetitividad sin pobreza :bestudios para el desarrollo del campo en Colombia /ccoordinadores ; Clara González y Carlos Felipe Jaramillo ; prólogo, Armando Montenegro ; traducción, Jimena Rueda ... [et al.]. aSantafé de Bogotá, Colombia :bDepartamento Nacional de Planeación,c1993. axii, 530 p. ;c23 cm.0 aEconomía agraria aIncluye referencias bibliográficas y notas al pie de las páginas1 a"Serie de documentos encargados por la Nacional de Colombia Departamento de Planificación Contiene recomendaciones para la política agrícola en la década de 1990 y más allá, basado en tres estrategias principales: 1) una política macroeconómica prudente, 2) un aumento de la competitividad impulsada por la inversión de infraestructura y el fortalecimiento de la mecanismos para generar y transferir tecnología, y 3) la inversión social para mejorar el capital humano y reducir la pobreza. Varios artículos técnicos de expertos sobre el terreno justificar estas recomendaciones "- Handbook of Latin American Studies, v. 57. 4aAgriculturaxAspectos económicoszColombia930378 4aColombiaxCondiciones económicasy1970-930899 4aDesarrollo ruralzColombia930602 4aColombiaxCondiciones rurales9306011 aJaramillo, Carlos Felipe.9272911 aGonzález, Clara.9309011 aMontenegro, Armancdoeprólogo9309041 aRueda, Jimenaetraductor9309051 aMadrid, Joséetraductor9309061 aGómez, José Luisetraductro9309072 aDepartamento Nacional de Planeacion9309001 aColombia.bDepartamento Nacional de Planeación.9309021 aColombia.bMinisterio de Hacienda y Crédito Público.9309030 aEstudios para el desarrollo del campo en Colombia. 2ddccLBS1 001052708MOaGRbGRcCTd2009-11-25iLF1l0o338.18861 C737p13561-10r2020-06-25w2020-06-25y2ZPréstamo interno 0010507-18MOaGRbGRcOId2017-06-02iLF1l0o338.18861 C737p13561-20r2020-06-25w2020-06-25y1ZNo se presta c13183d13183